Tutti gli Stati che hanno controllato Brescia - Statistics

Statistiche generali
  • Questo quiz è stato fatto 53 volte
    26 dall'ultimo reset
  • Il punteggio medio è 24 su 49
Statistiche sulle risposte
con Immagini Hint Risposta % Corretto
27 a.C. - 395 Impero Romano
89%
395 - 402 Impero Romano d'Occidente
74%
1870 - 1943 Regno d'Italia
74%
452 - 476 Impero Romano d'Occidente
68%
1944 - 1946 Regno d'Italia
68%
568 - 774 Regno Longobardo
68%
1946 - Oggi Repubblica Italiana
68%
196 a.C. - 27 a.C. Repubblica Romana
68%
961 - 1269 / 1281 - 1426 Sacro Romano Impero
68%
562 - 568 Impero Bizantino
63%
1311 Sacro Romano Impero
63%
1426 - 1512 Serenissima Repubblica di Venezia
63%
1512 - 1797 Serenissima Repubblica di Venezia
63%
(1303 - 1311) Comune Libero di Brescia
58%
(1311 - 1313) Comune Libero di Brescia
58%
1814 - 1849 Impero Austriaco (Regno Lombardo-Veneto)
58%
1849 - 1859 Impero Austriaco (Regno Lombardo-Veneto)
58%
800 - 843 Impero Carolingio
58%
402 - 452 Impero Romano d'Occidente
58%
452 Regno degli Unni
58%
1859 - 1861 Regno di Sardegna
58%
1943 - 1944 Repubblica sociale Italiana
58%
500 a.C. - 196 a.C. Tribù Cenomani
58%
(1253 - 1269) Comune Libero di Brescia
53%
(1281 - 1298) Comune Libero di Brescia
53%
(1313 - 1317) Signoria di Milano
53%
(1337 - 1395) Signoria di Milano
53%
1512 Lega di Cambrai (Regno di Francia e di Navarra)
47%
553 - 556 Regno dei Franchi
47%
774 - 800 Regno dei Franchi
47%
(1395 - 1403) Ducato di Milano
42%
(1403 - 1404) Ducato di Milano
42%
(1421 - 1426) Ducato di Milano
42%
(1298 - 1303) Signoria di Brescia
42%
556 - 562 Regno degli Ostrogoti
37%
476 - 493 Regno di Odoacre
37%
493 - 553 Regno Ostrogoto
37%
(1404 - 1421) Signoria di Brescia
37%
(1403) Signoria di Padova
32%
(1317 - 1337) Signoria di Verona
32%
402 Tribù Visigote
32%
843 - 855 Regno Lotaringio di Francia Media
26%
1797 - 1802 Repubblica Cisalpina
26%
1805 - 1814 Regno Francese d'Italia
21%
855 - 961 Regno Franco d'Italia
21%
1802 - 1805 Repubblica Italiana Francese
21%
1269 - 1281 Regno di Sicilia
16%
1849 Ribelli Bresciani
16%
(1250 - 1253) Marchesato di Treviso
11%
Nessun quiz corrispondente trovato
Distribuzione punteggi
Percentuale di utenti per punteggio
Percentile per numero di risposta
I tuoi punteggi nel tempo
Non hai fatto questo quiz dall'ultimo reset